Jeux Olympiques 1956 - Pays participants - Statistiques

Statistiques générales
  • Ce quiz a été pris 13 fois
  • Le résultat moyen est 76 sur 92
Réponses sur la Carte
Les réponses sont colorées sur une échelle allant du rouge au vert en fonction du pourcentage des utilisateurs qui les ont devinées à leur premier essai. Vous pouvez retrouver ces pourcentages ci-dessous.
 
Statistiques - réponses
Nombre d'athlètes Pays % Correct
158 Allemagne
100%
51 Belgique
100%
06 Espagne
100%
137 France
100%
129 Italie
100%
11 Portugal
100%
09 Suisse
100%
272 URSS
100%
URSS
100%
URSS
100%
URSS
100%
URSS
100%
URSS
100%
URSS
100%
URSS
100%
URSS
100%
URSS
100%
URSS
100%
URSS
100%
URSS
100%
URSS
100%
URSS
100%
297 Etats-Unis
92%
18 Irlande
92%
02 Islande
92%
01 Pays-Bas
92%
189 Royaume-Uni
92%
19 Turquie
92%
50 Afrique du Sud
85%
Afrique du Sud
85%
28 Argentine
85%
294 Australie
85%
29 Autriche
85%
44 Brésil
85%
43 Bulgarie
85%
92 Canada
85%
35 Corée du Sud
85%
31 Danemark
85%
12 Ethiopie
85%
Ethiopie
85%
71 Finlande
85%
13 Grèce
85%
59 Inde
85%
22 Indonésie
85%
17 Iran
85%
110 Japon
85%
22 Norvège
85%
53 NouvelleZélande
85%
55 Pakistan
85%
Pakistan
85%
39 Philippines
85%
64 Pologne
85%
44 Roumanie
85%
88 Suède
85%
38 Thaïlande
85%
06 Vietnam
85%
35 Yougoslavie
85%
Yougoslavie
85%
Yougoslavie
85%
Yougoslavie
85%
Yougoslavie
85%
Yougoslavie
85%
Yougoslavie
85%
33 Chili
77%
26 Colombie
77%
03 Egypte
77%
108 Hongrie
77%
25 Kenya
77%
32 Malaisie
77%
24 Mexique
77%
10 Nigeria
77%
08 Pérou
77%
63 Tchécoslovaquie
77%
Tchécoslovaquie
77%
21 Uruguay
77%
19 Venezuela
77%
11 Birmanie
69%
02 Cambodge
69%
16 Cuba
69%
13 Taïwan
69%
12 Afghanistan
62%
03 Ceylan
62%
04 Guyana
62%
06 Jamaïque
62%
11 Luxembourg
62%
04 Bahamas
54%
05 Fidji
54%
03 Israël
54%
52 Singapour
54%
06 Trinité-et-Tobago
46%
04 Liberia
31%
03 Ouganda
31%
Aucun quiz correspondant
Distribution des résultats
% des personnes avec chaque résultat
Percentile par nombre de réponses
Votre historique - résultats
Vous n’avez pas pris ce quiz